| 000 | 02154nam a2200601 i 4500 | ||
|---|---|---|---|
| 001 | 15445 | ||
| 003 | KOSZ 005 | ||
| 005 | 20200630081550.0 | ||
| 008 | 200416s1973 pl a f 000 0 pol | ||
| 015 | _aUWD 1973/2976 | ||
| 035 | _a991033232539705066 | ||
| 035 | _a(PL-WaBN)b18902790-48omnis_nlop | ||
| 035 | _ab18902790 | ||
| 035 | _a(OCoLC)749815101 | ||
| 035 | _a(PL)b0000001890279 | ||
| 035 | _a(EXLNZ-48OMNIS_NETWORK)9910214669705606 | ||
| 040 |
_aWA N _cWA N _dKOSZ 005/RW |
||
| 046 | _k1973 | ||
| 080 | _a620.197 | ||
| 080 | _a672 | ||
| 080 | _a678.7 | ||
| 100 | 1 |
_aDrążkiewicz, Tadeusz _eAutor |
|
| 245 | 1 | 0 |
_aPowłoki ze zmiękczonego PCW na przedmiotach metalowych / _cT. Drążkiewicz, J. Raczyńska. |
| 260 |
_aWarszawa : _bWydawnictwa Naukowo-Techniczne, _c1973. |
||
| 300 |
_a377, [3] stron : _bilustracje ; _c21 cm. |
||
| 336 |
_aTekst _btxt _2rdacontent |
||
| 337 |
_aBez urządzenia pośredniczącego _bn _2rdamedia |
||
| 338 |
_aWolumin _bnc _2rdacarrier |
||
| 380 | _aKsiążki | ||
| 380 | _aPublikacje fachowe | ||
| 388 | _a1901-2000 | ||
| 388 | _a1945-1989 | ||
| 490 | 1 | _aOchrona przed Korozją | |
| 504 | _aBibliografia na stronach [359]-365. Indeks. | ||
| 521 | 8 | _aKsiążka jest przeznaczona dla mistrzów i techników zatrudnionych w zakładach przemysłowych różnych specjalności, zwłaszcza w zakładach przemysłu metalowego. | |
| 650 | 7 |
_aKonserwacja (technika) _2DBN |
|
| 650 | 7 |
_aKorozja i erozja _2DBN |
|
| 650 | 7 | _aOchrona i konserwacja | |
| 650 | 7 |
_aMetale _2DBN |
|
| 650 | 7 | _aWyroby | |
| 650 | 7 |
_aPowłoki ochronne _2DBN |
|
| 650 | 7 | _aMateriały | |
| 650 | 7 |
_aTworzywa sztuczne _2DBN |
|
| 650 | 7 | _aZastosowanie i wykorzystanie | |
| 658 | _aInżynieria i technika | ||
| 658 | _aChemia | ||
| 700 | 1 |
_aRaczyńska, Jadwiga _eAutor |
|
| 710 | 2 |
_aWydawnictwa Naukowo-Techniczne _4pbl |
|
| 830 | 0 | _aOchrona Przed Korozją | |
| 856 |
_uhttp://koha.tu.koszalin.pl/cgi-bin/koha/opac-detail.pl?biblionumber=15445 _yKatalog online BPK |
||
| 942 |
_2UKD _cKS |
||
| 999 |
_c15445 _d15445 |
||